000 00861nam a22001937a 4500
005 20250801150515.0
010 _aHIN-130111
020 _a9789394493308
_c300.00
035 _aHN-102457
037 _bDBAD
082 _a821
100 _aखैरन, सी. आर.
_983615
245 _aअनुभूत ज्ञान गंगा /
_cसी. आर. खैरन
250 _aप्रथम
260 _aभोपाल, मध्य प्रदेश
_bभव्या पब्लिकेशन
270 _aएल. जी. 42, लोअर ग्राउंड, करतार आर्केड रसायन रोड भोपाल, मध्य प्रदेश
_bमध्य प्रदेश
_e462023
300 _a102पृ.
_c21सेमी(सजिल्द)
942 _2ddc
_cHN
_h821
_mखैरन
999 _c212800
_d212800